| 000 | 00431nam a22001337a 4500 | ||
|---|---|---|---|
| 003 | ASAB | ||
| 005 | 20180827062641.0 | ||
| 008 | 160620t xxu||||| |||| 00| 0 eng d | ||
| 020 | _a978-969-562-390-9 | ||
| 040 | _cASAB | ||
| 245 |
_aThe Quaid-i-Azam Muhammad Ali Jinnah : _bthe All India Muslim League, and the achievement of Pakistan (1906-47) / _ccompiled & edited by Nadeem Shafiq Malik. |
||
| 300 | _a368 P. | ||
| 942 |
_2ddc _cBK |
||
| 999 |
_c480131 _d480131 |
||